Big sur (Record no. 68283)

MARC details
000 -LEADER
campo de control de longitud fija 01068nam a2200277 i 4500
001 - NÚMERO DE CONTROL
campo de control 68283
003 - IDENTIFICADOR DE NÚMERO DE CONTROL
campo de control ES-MaACL
005 - FECHA Y HORA DE LA ÚLTIMA TRANSACCIÓN
campo de control 20250905101956.0
007 - CAMPO FIJO DE DESCRIPCIÓN FÍSICA--INFORMACIÓN GENERAL
campo de control de longitud fija t|
008 - DATOS DE LONGITUD FIJA--INFORMACIÓN GENERAL
campo de control de longitud fija 040616s2002 sp ||||0| ger d
020 ## - NÚMERO INTERNACIONAL ESTÁNDAR DEL LIBRO
Número Internacional Estándar del Libro 84-95486-48-2
040 ## - FUENTE DE CATALOGACIÓN
Centro catalogador/agencia de origen M-BN
Lengua de catalogación spa
Centro/agencia transcriptor M-BN
080 ## - NÚMERO DE LA CLASIFICACIÓN DECIMAL UNIVERSAL
Número de la Clasificación Decimal Universal 7.036(460)(083.824)
245 00 - MENCIÓN DEL TÍTULO
Título Big sur
Resto del título : neue Spanische Kunts : Hamburger Bahnhof, Museum für Gegenwart-Berlin, 19. April-30. Juni 2002 = arte nuevo español /
Mención de responsabilidad, etc. [organiza], Museo Nacional Centro de Arte Reina Sofía.
260 ## - PUBLICACIÓN, DISTRIBUCIÓN, ETC.
Lugar de publicación, distribución, etc. [Madrid] :
Nombre del editor, distribuidor, etc. Sociedad Estatal de Conmemoraciones Culturales,
Fecha de publicación, distribución, etc. [2002]
300 ## - DESCRIPCIÓN FÍSICA
Extensión 159 p :
Otras características físicas il. col ;
Dimensiones 27 cm.
650 14 - PUNTO DE ACCESO ADICIONAL DE MATERIA--TÉRMINO DE MATERIA
Término de materia o nombre geográfico como elemento de entrada Arte español-
Subdivisión cronológica S.XX-
Subdivisión de forma Exposiciones.
9 (RLIN) 10206
655 #7 - TERMINO DE INDIZACIÓN--GENERO/FORMA
Fuente del término tgfbne
9 (RLIN) 193628
Datos o término principal de género/forma Catálogos de exposiciones
710 2# - ENTRADA AGREGADA--NOMBRE DE ENTIDAD CORPORATIVA
Nombre de entidad corporativa o nombre de jurisdicción como elemento de entrada Hamburger Bahnhof.
9 (RLIN) 4556
710 2# - ENTRADA AGREGADA--NOMBRE DE ENTIDAD CORPORATIVA
Nombre de entidad corporativa o nombre de jurisdicción como elemento de entrada Museo Nacional Centro de Arte Reina Sofía
9 (RLIN) 147737
710 2# - ENTRADA AGREGADA--NOMBRE DE ENTIDAD CORPORATIVA
Nombre de entidad corporativa o nombre de jurisdicción como elemento de entrada Staatliche Museen zu Berlin-Preussischer Kulturbesitz.
9 (RLIN) 6888
852 ## - LOCALIZACIÓN
Ubicación ES-MaACL
Número de control de estantería L-28028
Sublocalización o colección R.133586
942 ## - ELEMENTOS DE ENTRADA SECUNDARIOS (KOHA)
Fuente del sistema de clasificación o colocación Clasificación decimal universal
Holdings
Estatus retirado Estado de pérdida Estado de daño No para préstamo Biblioteca de origen Biblioteca actual Ubicación en estantería Fecha de adquisición Fuente de adquisición Total de préstamos Signatura topográfica completa Código de barras Visto por última vez Precio de reemplazo Tipo de ítem Koha
        Biblioteca del Ateneo de Madrid Biblioteca del Ateneo de Madrid Depósito 2 17/01/2008     L-28028 1071482 23/02/2023 23/02/2023 Libro impreso